| 000 | 00628cam a22002173a 4500 | ||
|---|---|---|---|
| 001 | 42155 | ||
| 003 | PGUSA | ||
| 005 | 20140828083942.0 | ||
| 008 | 130222s2013||||xxu|||||s|||||000 | eng d | ||
| 040 |
_aPGUSA _beng |
||
| 042 | _adc | ||
| 100 | 1 |
_aFitzhugh, Percy Keese, _d1876-1950 |
|
| 245 | 1 | 0 |
_aTom Slade on the River _h[electronic resource] / _cPercy Keese Fitzhugh |
| 260 |
_bProject Gutenberg, _c2013 |
||
| 506 | _aPublic domain in the USA. | ||
| 516 | _aElectronic text | ||
| 700 | 1 |
_aRogers, Walter S., _d1871- |
|
| 830 | 0 |
_aProject Gutenberg _v42155 |
|
| 856 | 4 | 0 | _uhttp://www.gutenberg.org/ebooks/42155 |
| 942 | _cEB | ||
| 999 |
_c271407 _d271407 |
||